La Grèce de A à Z - Statistiques

Statistiques générales
  • Ce quiz a été pris 616 fois
  • Le résultat moyen est 16 sur 26
Statistiques - réponses
Lettre Indice Réponse % Correct
F Fromage caillé de brebis qui accompagne la salade grecque Feta
93%
U Son périple est raconté par Homère dans l'Odyssée Ulysse
93%
P Monument dédié à la déesse Athéna, situé sur l'Acropole d'Athènes Parthénon
92%
Z Fils de Cronos et Rhéa, frère de Poséidon et Hadès et père d'Artémis et Arès Zeus
89%
S Philosophe de la Grèce antique qui avait pour disciples Platon et Xénophon Socrate
87%
J Héros grec qui a conquis la Toison d'or Jason
86%
N Divinité grecque ayant inspiré le nom d'une célèbre marque de sport américaine, elle est représentée par la statue de la Victoire de Samothrace Niké
83%
R Plus grande île du Dodécanèse, elle abritait l'une des sept merveilles du monde Rhodes
83%
E Mathématicien de la Grèce antique à qui l'on attribue un théorème, une géométrie et une division Euclide
78%
W Sport collectif dans lequel la Grèce a atteint la finale lors des Jeux olympiques d'été de 2020 Water-polo
78%
M Plat grec composé de couches d'aubergines grillées, de viande hachée de mouton et de sauce tomate Moussaka
76%
Y On dit qu'il est "grec" lorsqu'on lui retire le petit lait Yaourt
71%
G Créatures mythologiques qui pétrifient ceux qui croisent leur regard Gorgones
70%
D Architecte de la mythologie grecque, il a construit le labyrinthe qui abritait le Minotaure Dédale
66%
B Péninsule sur laquelle se situe la Grèce Balkans
61%
O Club omnisports situé au Pirée, il a notamment remporté 47 fois le championnat de Grèce de football, 14 fois celui de basket-ball et 32 fois celui de volley-ball Olympiakos
53%
I Mer qui borde la Grèce à l'ouest Mer Ionnienne
52%
T Deuxième ville du pays en population, capitale de la Macédoine-Centrale Thessalonique
51%
C Archipel où se trouvent les îles de Délos, Mykonos et Santorin Cyclades
49%
X
Roi perse qui a affronté Léonidas lors de la bataille des Thermopyles et Thémistocle lors de la bataille de Salamine
Xerxès Ier
47%
H Groupe linguistique dont fait partie le grec Hellénique
44%
A Basketteur grec, MVP de la NBA en 2019 et 2020 avec les Milwaukee Bucks Giánnis Antetokoúnmpo
41%
V Compositeur grec ayant signé les bandes originales des films "Les Chariots de feu", "Blade Runner" et "1492 : Christophe Colomb" Vangelis
22%
Q Char antique attelé de quatre chevaux, la course réalisée avec ce char constituait la première épreuve des jeux olympiques antiques Quadrige
18%
L Cinéaste grec nommé au lauréat du meilleur réalisateur aux Oscars pour ses films "La Favorite" et "Pauvres Créatures" Yórgos Lánthimos
11%
K Homme d'État grec connu pour avoir été le premier gouverneur de la Grèce après l'indépendance du pays vis-à-vis de l'Empire ottoman en 1827 Ioánnis Kapodístrias
4%
Aucun quiz correspondant
Distribution des résultats
% des personnes avec chaque résultat
Percentile par nombre de réponses
Votre historique - résultats
Vous n’avez pas pris ce quiz